Đoạn tuyệt : Tiểu thuyết /

Đã lưu trong:
書目詳細資料
主要作者: Nhất Linh
格式: Sách giấy
語言:Vietnamese
出版: Sài Gòn : Đời nay , 1972
主題:
標簽: 添加標簽
沒有標簽, 成為第一個標記此記錄!
Thư viện lưu trữ: Thư viện Trường Đại học Đà Lạt
LEADER 00653nam a2200277 4500
001 DLU020012343
005 ##5/24/2000
020 # # |a 978- 
041 # # |a vie 
082 # # |a TV  |b NH-L 
100 # # |a Nhất Linh 
245 # # |a Đoạn tuyệt :  |b Tiểu thuyết /  |c Nhất Linh 
260 # # |a Sài Gòn :  |b Đời nay ,  |c 1972 
300 # # |a 236 tr.;   |c 19.5 cm. 
653 # # |a Tự lực văn đoàn 
653 # # |a Tiểu thuyết 
653 # # |a Văn học Việt Nam 
992 # # |a 236 
994 # # |a DLU 
900 # # |a False 
911 # # |a Administrator 
925 # # |a G 
926 # # |a A 
927 # # |a SH 
980 # # |a Thư viện Trường Đại học Đà Lạt